000 00601nam a22001937a 4500
005 20251108163340.0
008 250721s1987 xx 000 0 ara d
082 1 4 _a210.4301412/مهد
100 1 _aالزميلي، مهدية شحادة
245 1 0 _aلباس المرأة و زينتها في الفقه الإسلامي /
250 _aط3 مزيدة و منقحةذ
264 1 _aعنان :
_bدار الفرقان للنشر،
_c1987.
300 _a201ص
650 1 7 _aالمرأة
650 1 7 _aالإسلام
650 1 7 _aالمرأة المسلمة
942 _2ddc
_cBK
999 _c433
_d433